|
|
|
|
| LEADER |
01601nam a2200349 a 4500 |
| 001 |
35583 |
| 003 |
BD-DhAAL |
| 005 |
20220222113106.0 |
| 008 |
191105t1996 nyua b 001 0 eng |
| 999 |
|
|
|c 41766
|d 41766
|
| 010 |
|
|
|a 95020309
|
| 020 |
|
|
|a 0070217742 (acidfree paper)
|
| 040 |
|
|
|a DLC
|c DLC
|d DLC
|d BD-DhAAL
|
| 050 |
0 |
0 |
|a LB1028
|b .F665 1996
|
| 082 |
0 |
0 |
|a 370.78
|2 20
|
| 100 |
1 |
|
|a Fraenkel, Jack R.,
|d 1932-
|9 36824
|
| 245 |
1 |
0 |
|a How to design and evaluate research in education /
|c Jack R. Fraenkel and Norman E. Wallen.
|
| 250 |
|
|
|a Third edition
|
| 260 |
|
|
|a New York :
|b McGraw-Hill,
|c c1996.
|
| 300 |
|
|
|a xix, 602 pages :
|b illustrations (some color) ;
|c 25 cm.
|
| 504 |
|
|
|a Includes bibliographical references (pages 592-596) and index.
|
| 526 |
|
|
|a BIED
|
| 541 |
|
|
|a Complimentary copy from BIED
|e 35583, 37792
|
| 650 |
|
0 |
|a Education
|x Research
|x Methodology.
|9 36825
|
| 650 |
|
0 |
|a Education
|x Research
|x Evaluation.
|9 36826
|
| 650 |
|
0 |
|a Social science
|9 36856
|
| 650 |
|
0 |
|a Proposal writing in educational research.
|9 36827
|
| 700 |
1 |
|
|a Wallen, Norman E.
|9 36828
|
| 852 |
|
|
|a Ayesha Abed Library
|c General Stacks
|
| 942 |
|
|
|2 ddc
|c BK
|
| 952 |
|
|
|0 0
|1 0
|2 ddc
|4 0
|6 370_780000000000000_FRA
|7 0
|9 67048
|a BRACUL
|b BRACUL
|c GEN
|d 2019-11-05
|e Complimentary copy from BIED
|l 0
|o 370.78 FRA
|p 3010035583
|r 2019-11-05
|t 1
|w 2019-11-05
|y BK
|x Transferred from BIED to General Stacks
|
| 952 |
|
|
|0 0
|1 0
|2 ddc
|4 0
|6 370_780000000000000_FRA
|7 0
|9 69855
|a BRACUL
|b BRACUL
|c GEN
|d 2022-02-22
|e Complimentary copy from BIED
|l 0
|o 370.78 FRA
|p 3010037792
|r 2022-02-22
|t 2
|w 2019-11-05
|y BK
|x Transferred from BIED to General Stacks
|